| 000 | 01355cam a2200313 a 4500 | ||
|---|---|---|---|
| 001 | 2755 | ||
| 005 | 20241024111725.0 | ||
| 020 | _a9780531225578 | ||
| 020 | _a0531225577 | ||
| 040 |
_aDLC _cDLC _dDLC _beng |
||
| 050 | 0 | 0 |
_aGV697.A1 _bS756 2012 |
| 082 | 0 | 0 |
_a796.0922 _aB _222 |
| 100 | 1 | _aStradley, Don | |
| 245 | 1 | 0 |
_aSchooled : _bIt takes more than magic to make it to the pros / _cDon Stradley |
| 260 |
_aNew York : _bScholastic, _c2012 |
||
| 300 |
_a112 pages : _bcolor illustrations ; _c18 cm |
||
| 490 | 0 | _aOn the record | |
| 505 | _aR | ||
| 520 | _aThere's no backing down for Lionel Shepard. With a dream of joining the NBA, all he wants to do at Bluford High is play Basketball. But everyone's trying to stop him. Bad grades, bad advice from family members and friends. Will he pursue his dream or get caught in a nightmare? | ||
| 521 |
_a830 _bLexile |
||
| 521 |
_aR _bRaz-Plus |
||
| 650 | 0 |
_aAthletes _zUnited States _vBiography _vJuvenile literature. |
|
| 650 | 0 |
_aBasketball players _zUnited States _vBiography _vJuvenile literature. |
|
| 650 | 0 |
_aAfrican American basketball players _vBiography _vJuvenile literature. |
|
| 650 | 0 |
_aBaseball players _zUnited States _vBiography. |
|
| 650 | 0 |
_aPitchers (Baseball) _zUnited States _vBiography _vJuvenile literature. |
|
| 906 |
_a7 _bcbc _corignew _d1 _eecip _f20 _gy-gencatlg |
||
| 942 |
_2ddc _cBK _n0 |
||
| 999 |
_c2755 _d2755 |
||